000 00515nam a2200193Ia 4500
005 20140402090845.0
008 140130s9999 xx 000 0 und d
020 _a043928368x
050 _aDT 62.M7
_b.St833 2001
100 _aStewart, David
_931247
245 _cDavid Stewart.
_aYou wouldn't want to be an Egyptian mummy /
260 _bScholastic,
_c2001.
_aUSA :
300 _a32 p. :
_bcol. ill. ;
_c23 cm.
440 _v1
_931174
521 _aG8
526 _c980
942 _cBK
_2lcc
999 _c41305
_d41305